[Event "Ciego de Avila"]
[Site "Ciego de Avila"]
[Date "2010.10.25"]
[Round "11"]
[White "Hernandez Noa, Rodney"]
[Black "Ulloa Grez, Luis Antonio"]
[Result "1-0"]
[WhiteElo "2188"]
[BlackElo "2063"]
[PlyCount "51"]
[EventDate "2010.10.15"]
[EventType "tourn"]
[EventRounds "14"]
[EventCountry "CUB"]
[SourceTitle "EXT 2013"]
[Source "ChessBase"]
[SourceDate "2012.11.22"]
[SourceVersion "1"]
[SourceVersionDate "2012.11.22"]
[SourceQuality "1"]

1. e4 c5 2. Nf3 Nc6 3. d4 cxd4 4. Nxd4 d6 5. Nc3 g6 6. Be3 Bg7 7. Bc4 Nf6 8. f3 0-0 9. Qd2 Bd7 10. 0-0-0 a5 11. Kb1 Rb8 12. a4 Qc8 13. Bb3 Nxd4 14. Bxd4 Be6 15. h4 Bxb3 16. cxb3 Qe6 17. Ka2 Rfd8 18. h5 Nxh5 19. Bxg7 Kxg7 20. g4 Nf6 21. Qh6+ Kg8 22. Nd5 b5 23. g5 Nh5 24. Rxh5 gxh5 25. Nf6+ exf6 26. gxf6 1-0

[Event "Ciego de Avila"]
[Site "Ciego de Avila"]
[Date "2010.10.24"]
[Round "10"]
[White "Ulloa Grez, Luis Antonio"]
[Black "Castellanos Sanchez, Carlos Manuel"]
[Result "0-1"]
[WhiteElo "2063"]
[BlackElo "2332"]
[PlyCount "108"]
[EventDate "2010.10.15"]
[EventType "tourn"]
[EventRounds "14"]
[EventCountry "CUB"]
[SourceTitle "EXT 2013"]
[Source "ChessBase"]
[SourceDate "2012.11.22"]
[SourceVersion "1"]
[SourceVersionDate "2012.11.22"]
[SourceQuality "1"]

1. d4 d5 2. Nf3 Bf5 3. c4 e6 4. Qb3 Nc6 5. Qxb7 Nb4 6. Ne5 Rb8 7. Qxa7 Bd6 8. Qa4+ c6 9. Nd3 dxc4 10. Nxb4 Bxb4+ 11. Bd2 Bxd2+ 12. Nxd2 Ne7 13. e4 Bg6 14. Qxc4 Rxb2 15. Qc3 Rb8 16. Be2 0-0 17. 0-0 Qd7 18. f3 h5 19. Rfb1 Rbd8 20. Nb3 h4 21. Rd1 Bh5 22. Nc5 Qc7 23. a4 Ng6 24. a5 Nf4 25. Bc4 Qe7 26. a6 e5 27. Nb7 Rxd4 28. Rxd4 exd4 29. Qc1 Qg5 30. Qf1 d3 31. Ra5 Nh3+ 32. Kh1 Qe3 33. g4 hxg3 34. Kg2 Nf4+ 35. Kxg3 d2 36. Ra1 g5 37. Rd1 Qd4 38. Be2 f5 39. exf5 Rxf5 40. a7 Qxa7 41. Bc4+ Kg7 42. Nd6 Rf8 43. Rxd2 Bg6 44. Qe1 Kh6 45. Ne4 Bh5 46. Rd6+ Ng6 47. Nf6 Qc7 48. Qe6 Qb6 49. Ng4+ Kh7 50. Rd7+ Kh8 51. Qe1 Qb8+ 52. Kg2 Nh4+ 53. Kh1 Qb2 54. Rd2 Qg7 0-1

[Event "Ciego de Avila"]
[Site "Ciego de Avila"]
[Date "2010.10.18"]
[Round "4"]
[White "Ulloa Grez, Luis Antonio"]
[Black "Hernandez Noa, Rodney"]
[Result "0-1"]
[WhiteElo "2063"]
[BlackElo "2188"]
[PlyCount "82"]
[EventDate "2010.10.15"]
[EventType "tourn"]
[EventRounds "14"]
[EventCountry "CUB"]
[SourceTitle "EXT 2013"]
[Source "ChessBase"]
[SourceDate "2012.11.22"]
[SourceVersion "1"]
[SourceVersionDate "2012.11.22"]
[SourceQuality "1"]

1. c4 e5 2. Nc3 Nf6 3. Nf3 Nc6 4. d3 Bb4 5. a3 Bxc3+ 6. bxc3 h6 7. e4 0-0 8. Be2 d6 9. 0-0 Ne7 10. Nh4 Nh7 11. g4 Ng5 12. Kh1 Ne6 13. Ng2 g5 14. h4 Ng6 15. hxg5 Ngf4 16. Bxf4 Nxf4 17. Nxf4 exf4 18. Kg2 Qxg5 19. Rg1 f5 20. Kf1 fxe4 21. dxe4 f3 22. Bxf3 Be6 23. Qd3 Rf4 24. Re1 Raf8 25. Re3 Kh8 26. Qe2 Qg8 27. Ke1 Bxc4 28. Qd1 Qg5 29. Rg3 b5 30. Rg2 a5 31. Be2 Qh4 32. Bf3 Rxf3 33. Rxf3 Qh1+ 34. Kd2 Qxd1+ 35. Kxd1 Rxf3 36. Kd2 Bf1 37. Rg1 Rxf2+ 38. Ke1 Ra2 39. Rxf1 Ra1+ 40. Ke2 Rxf1 41. Kxf1 Kg7 0-1

[Event "Ciego de Avila"]
[Site "Ciego de Avila"]
[Date "2010.10.17"]
[Round "3"]
[White "Castellanos Sanchez, Carlos Manuel"]
[Black "Ulloa Grez, Luis Antonio"]
[Result "0-1"]
[WhiteElo "2332"]
[BlackElo "2063"]
[PlyCount "96"]
[EventDate "2010.10.15"]
[EventType "tourn"]
[EventRounds "14"]
[EventCountry "CUB"]
[SourceTitle "EXT 2013"]
[Source "ChessBase"]
[SourceDate "2012.11.22"]
[SourceVersion "1"]
[SourceVersionDate "2012.11.22"]
[SourceQuality "1"]

1. Nf3 d5 2. c4 e6 3. d4 Nf6 4. Nc3 Be7 5. Bg5 0-0 6. Qc2 Nbd7 7. 0-0-0 b6 8. e3 Bb7 9. Bd3 Rc8 10. Ne5 h6 11. h4 c5 12. Nxd7 Nxd7 13. cxd5 cxd4 14. Bh7+ Kh8 15. Rxd4 Bxd5 16. Kb1 Bxg5 17. hxg5 Qxg5 18. Be4 Nf6 19. f3 Bxe4 20. fxe4 Qxe3 21. Rd3 Qg5 22. e5 Nd5 23. Rdh3 Nxc3+ 24. bxc3 Rc5 25. Rh5 Qg6 26. R1h3 Rd8 27. Kc1 Qxc2+ 28. Kxc2 Rdd5 29. Re3 f6 30. Rd3 Rxe5 31. Rd8+ Kh7 32. Rh4 Re2+ 33. Kb3 Rxg2 34. Ra4 Rc7 35. Re4 e5 36. Re3 g5 37. a4 h5 38. c4 h4 39. Re1 g4 40. Rf1 Rg3+ 41. Kb4 Rf3 42. Rh1 h3 43. a5 bxa5+ 44. Kb5 Rb3+ 45. Kxa5 Rxc4 46. Rf1 Rf4 47. Rc1 h2 48. Rc7+ Kg6 0-1

[Event "Ciego de Avila"]
[Site "Ciego de Avila"]
[Date "2010.10.16"]
[Round "2"]
[White "Ulloa Grez, Luis Antonio"]
[Black "Aragon Placencia, Jesus"]
[Result "0-1"]
[WhiteElo "2063"]
[BlackElo "2077"]
[PlyCount "82"]
[EventDate "2010.10.15"]
[EventType "tourn"]
[EventRounds "14"]
[EventCountry "CUB"]
[SourceTitle "EXT 2013"]
[Source "ChessBase"]
[SourceDate "2012.11.22"]
[SourceVersion "1"]
[SourceVersionDate "2012.11.22"]
[SourceQuality "1"]

1. d4 d5 2. c4 c6 3. cxd5 cxd5 4. Nc3 Nc6 5. Nf3 Nf6 6. e3 Bf5 7. Bb5 Bd7 8. 0-0 e6 9. Bd2 Bd6 10. Rc1 0-0 11. Bd3 e5 12. Nb5 Bb8 13. dxe5 Nxe5 14. Nxe5 Bxe5 15. Nd4 Re8 16. h3 Ne4 17. Bxe4 dxe4 18. Ne2 Qg5 19. Nf4 Rad8 20. Qc2 Bc6 21. g3 Qf5 22. g4 Qg5 23. Kh2 Rd6 24. Rg1 Red8 25. Rcd1 Rxd2 26. Rxd2 Bxf4+ 27. Kg2 Rxd2 28. Qxd2 Bc7 29. Qd4 h5 30. Kf1 Qb5+ 31. Kg2 Qe2 32. Qd1 Qxb2 33. gxh5 Qe5 34. Qg4 Qh2+ 35. Kf1 Bb5+ 36. Ke1 Qe5 37. f4 Qc3+ 38. Kd1 Qd3+ 39. Kc1 Qxe3+ 40. Kb2 Qd2+ 41. Kb3 Qd3+ 0-1

[Event "Santiago Endesa Interempresas tt-A"]
[Site "Santiago de Chile"]
[Date "2009.07.28"]
[Round "2"]
[White "Ulloa Grez, Luis Antonio"]
[Black "Calvo Salas, Pablo"]
[Result "0-1"]
[WhiteElo "2098"]
[BlackElo "2304"]
[PlyCount "58"]
[EventDate "2009.07.21"]
[EventType "team"]
[EventRounds "13"]
[EventCountry "CHI"]
[SourceTitle "EXT 2012"]
[Source "ChessBase"]
[SourceDate "2011.11.24"]
[SourceVersion "1"]
[SourceVersionDate "2011.11.24"]
[SourceQuality "1"]

1. e4 e5 2. Nc3 Nf6 3. f4 d5 4. fxe5 Nxe4 5. d3 Nxc3 6. bxc3 c5 7. Nf3 Nc6 8. Be2 Be7 9. 0-0 0-0 10. Qe1 f6 11. d4 fxe5 12. dxe5 Bf5 13. Bd1 Qe8 14. Rb1 b6 15. Bf4 Qg6 16. Qd2 Rad8 17. Kh1 Be4 18. Bg3 Bg5 19. Qe2 Bf4 20. Bxf4 Rxf4 21. Qd2 Rdf8 22. Rg1 Qf5 23. e6 h6 24. Be2 Qxe6 25. Rbe1 Ne5 26. Bd1 Nxf3 27. gxf3 Rxf3 28. Qg2 Rf2 29. Bf3 Rxg2 0-1

[Event "Santiago Endesa Interempresas tt-A"]
[Site "Santiago de Chile"]
[Date "2009.07.21"]
[Round "1"]
[White "Caceres Vasquez, Sergio"]
[Black "Ulloa Grez, Luis Antonio"]
[Result "1-0"]
[WhiteElo "2294"]
[BlackElo "2098"]
[PlyCount "87"]
[EventDate "2009.07.21"]
[EventType "team"]
[EventRounds "13"]
[EventCountry "CHI"]
[SourceTitle "EXT 2012"]
[Source "ChessBase"]
[SourceDate "2011.11.24"]
[SourceVersion "1"]
[SourceVersionDate "2011.11.24"]
[SourceQuality "1"]

1. d4 d5 2. c4 c6 3. Nf3 Nf6 4. Qc2 g6 5. e3 Bg7 6. Bd3 0-0 7. 0-0 b6 8. Nc3 Bb7 9. e4 dxe4 10. Nxe4 Nxe4 11. Bxe4 f5 12. Bd3 Bxd4 13. Nxd4 Qxd4 14. Bh6 Rd8 15. Rad1 Qf6 16. Bxf5 Na6 17. Be4 g5 18. Bxh7+ Kh8 19. Qg6 Nc5 20. Qh5 Ne6 21. g3 Rd4 22. Rxd4 Nxd4 23. Be4 Kg8 24. Qxg5+ Qxg5 25. Bxg5 Ba6 26. b3 b5 27. Be3 Ne2+ 28. Kg2 bxc4 29. Bxc6 Rd8 30. bxc4 Bxc4 31. Bxa7 Bxa2 32. Ra1 Be6 33. Be3 Kf7 34. Bf3 Nc3 35. h4 Nd5 36. Bg5 Rb8 37. Re1 Rb6 38. g4 Nf6 39. Bxf6 exf6 40. Kg3 Rb2 41. Be4 Bc4 42. Rb1 Ra2 43. h5 Ba6 44. Bd5+ 1-0

[Event "Santiago Endesa 08"]
[Site "Santiago de Chile"]
[Date "2007.07.??"]
[Round "7"]
[White "Gonzalez Gonzalez, Claudio H"]
[Black "Ulloa Grez, Luis Antonio"]
[Result "0-1"]
[WhiteElo "2035"]
[BlackElo "2118"]
[PlyCount "36"]
[EventDate "2007.07.??"]
[EventType "tourn"]
[EventRounds "11"]
[EventCountry "CHI"]
[SourceTitle "EXT 2008"]
[Source "ChessBase"]
[SourceDate "2007.11.25"]
[SourceVersion "1"]
[SourceVersionDate "2007.11.25"]
[SourceQuality "1"]

1. e4 c5 2. f4 b6 3. Bc4 e6 4. Nc3 Bb7 5. Nf3 Nf6 6. e5 d5 7. exf6 dxc4 8. fxg7 Bxg7 9. Qe2 0-0 10. Qxc4 Nc6 11. Ne2 Nb4 12. d4 Bd5 13. Qc3 Be4 14. Be3 Nxc2+ 15. Kf2 Nxa1 16. Rxa1 Bxf3 17. Kxf3 Qd5+ 18. Kf2 Rac8 0-1

[Event "Santiago Endesa 08"]
[Site "Santiago de Chile"]
[Date "2007.07.??"]
[Round "5"]
[White "Ulloa Grez, Luis Antonio"]
[Black "Diaz, Robert"]
[Result "0-1"]
[WhiteElo "2118"]
[BlackElo "2319"]
[PlyCount "96"]
[EventDate "2007.07.??"]
[EventType "tourn"]
[EventRounds "11"]
[EventCountry "CHI"]
[SourceTitle "EXT 2008"]
[Source "ChessBase"]
[SourceDate "2007.11.25"]
[SourceVersion "1"]
[SourceVersionDate "2007.11.25"]
[SourceQuality "1"]

1. e4 e6 2. d3 d5 3. Nd2 Nf6 4. g3 dxe4 5. dxe4 e5 6. Ngf3 Nbd7 7. Bg2 Bc5 8. 0-0 0-0 9. Qe2 c6 10. Nc4 Qc7 11. Bg5 Re8 12. Nh4 h6 13. Bd2 a5 14. Rad1 b5 15. Ne3 Bf8 16. Ng4 Nxg4 17. Qxg4 Nf6 18. Qe2 b4 19. Rfe1 Be6 20. b3 c5 21. Nf5 c4 22. Rc1 c3 23. Be3 Bc5 24. h3 Rad8 25. g4 Bxe3 26. Nxe3 Rd4 27. Nf1 Qc5 28. Bf3 Red8 29. Red1 Bc8 30. Rxd4 Rxd4 31. Rd1 a4 32. Rxd4 Qxd4 33. bxa4 Be6 34. Ng3 Bxa2 35. Nf5 Qc4 36. Qd1 Qc7 37. a5 Qxa5 38. Qd6 Be6 39. Qb8+ Kh7 40. Ne3 Qc5 41. h4 Nd7 42. Qd8 b3 43. cxb3 c2 44. Nxc2 Qxc2 45. g5 Qc1+ 46. Kg2 Qf4 47. g6+ fxg6 48. Qe7 Bh3+ 0-1

[Event "Santiago CC Aj Talcahuano-A"]
[Site "Santiago de Chile"]
[Date "2003.08.??"]
[Round "?"]
[White "Arancibia Guzman, Eduardo"]
[Black "Ulloa Grez, Luis Antonio"]
[Result "0-1"]
[WhiteElo "2405"]
[BlackElo "2020"]
[PlyCount "64"]
[EventDate "2003.08.??"]
[EventType "tourn"]
[EventRounds "11"]
[EventCountry "CHI"]
[EventCategory "3"]
[SourceTitle "EXT 2009"]
[Source "ChessBase"]
[SourceDate "2008.11.26"]
[SourceVersion "1"]
[SourceVersionDate "2008.11.26"]
[SourceQuality "1"]

1. e4 c5 2. Nf3 Nc6 3. Bb5 Qb6 4. Bxc6 Qxc6 5. Nc3 e6 6. 0-0 Nf6 7. Qe2 a6 8. d4 d6 9. Bg5 h6 10. d5 Qc7 11. Bxf6 gxf6 12. a4 e5 13. Nh4 Rg8 14. f4 Bg4 15. Qc4 h5 16. Kh1 Bh6 17. f5 0-0-0 18. a5 Bg5 19. Nf3 h4 20. b4 h3 21. g3 cxb4 22. Qxb4 Be3 23. Na4 Qxc2 24. Qc3+ Qxc3 25. Nxc3 Kb8 26. Ra3 Rc8 27. Nd1 Ba7 28. Nf2 Bxf2 29. Rxf2 Rc1+ 30. Ng1 Rgc8 31. Rb2 Re1 32. Rab3 Ka8 0-1

[Event "Santiago CC Aj Talcahuano-A"]
[Site "Santiago de Chile"]
[Date "2003.08.??"]
[Round "?"]
[White "Castro, Ernesto"]
[Black "Ulloa Grez, Luis Antonio"]
[Result "1-0"]
[WhiteElo "2116"]
[BlackElo "2020"]
[PlyCount "55"]
[EventDate "2003.08.??"]
[EventType "tourn"]
[EventRounds "11"]
[EventCountry "CHI"]
[EventCategory "3"]
[SourceTitle "EXT 2009"]
[Source "ChessBase"]
[SourceDate "2008.11.26"]
[SourceVersion "1"]
[SourceVersionDate "2008.11.26"]
[SourceQuality "1"]

1. d4 d5 2. c4 Bf5 3. Nc3 e6 4. Nf3 Nf6 5. Nh4 Bg6 6. Nxg6 hxg6 7. cxd5 exd5 8. Bg5 Nbd7 9. e3 c6 10. Bd3 Bd6 11. Qf3 Qb6 12. Rb1 0-0-0 13. h3 Rde8 14. 0-0 Kb8 15. b4 Rh5 16. Bf4 Bxf4 17. Qxf4+ Ka8 18. b5 g5 19. Qg3 Qa5 20. bxc6 bxc6 21. Rfc1 g4 22. hxg4 Rhh8 23. g5 Ne4 24. Bxe4 dxe4 25. Qd6 Nb8 26. Nxe4 Re6 27. Qf4 Qd5 28. Qc7 1-0

[Event "Santiago CC Aj Talcahuano-A"]
[Site "Santiago de Chile"]
[Date "2003.08.??"]
[Round "?"]
[White "Silva Sanchez, Carlos"]
[Black "Ulloa Grez, Luis Antonio"]
[Result "1/2-1/2"]
[WhiteElo "2388"]
[BlackElo "2020"]
[PlyCount "38"]
[EventDate "2003.08.??"]
[EventType "tourn"]
[EventRounds "11"]
[EventCountry "CHI"]
[EventCategory "3"]
[SourceTitle "EXT 2009"]
[Source "ChessBase"]
[SourceDate "2008.11.26"]
[SourceVersion "1"]
[SourceVersionDate "2008.11.26"]
[SourceQuality "1"]

1. e4 c5 2. Nf3 Nc6 3. d4 cxd4 4. Nxd4 Nf6 5. Nc3 e5 6. Ndb5 d6 7. Bg5 a6 8. Bxf6 gxf6 9. Na3 Be6 10. Nc4 Rc8 11. Ne3 Bh6 12. Bd3 Bxe3 13. fxe3 Qb6 14. Qc1 h5 15. 0-0 Rh6 16. Kh1 Ne7 17. Qd2 Qxb2 18. Nd5 Bxd5 19. exd5 Qc3 1/2-1/2

[Event "Santiago CC Aj Talcahuano-A"]
[Site "Santiago de Chile"]
[Date "2003.08.??"]
[Round "?"]
[White "Ulloa Grez, Luis Antonio"]
[Black "Llorens Sepulveda, Marcelo"]
[Result "0-1"]
[WhiteElo "2020"]
[BlackElo "2374"]
[PlyCount "82"]
[EventDate "2003.08.??"]
[EventType "tourn"]
[EventRounds "11"]
[EventCountry "CHI"]
[EventCategory "3"]
[SourceTitle "EXT 2009"]
[Source "ChessBase"]
[SourceDate "2008.11.26"]
[SourceVersion "1"]
[SourceVersionDate "2008.11.26"]
[SourceQuality "1"]

1. e4 c5 2. Nf3 Nc6 3. Nc3 e6 4. Bb5 Nge7 5. 0-0 Nd4 6. Nxd4 cxd4 7. Ne2 Nc6 8. d3 Bc5 9. Ng3 0-0 10. Qg4 d5 11. Bxc6 bxc6 12. Nh5 g6 13. e5 f5 14. exf6 Rf7 15. Bh6 Bf8 16. Bxf8 Kxf8 17. Ng3 Qxf6 18. Rae1 Bd7 19. Qd1 Kg8 20. Qd2 a5 21. a4 Qd8 22. b3 Qb6 23. h4 Raf8 24. h5 c5 25. Re5 Qd6 26. Qg5 h6 27. Nf5 exf5 28. Qxg6+ Qxg6 29. hxg6 Rg7 30. Rxd5 Rc8 31. Re1 Rc6 32. f3 Rcxg6 33. Re2 f4 34. Rxc5 Bh3 35. Rxa5 Bxg2 36. Kf2 Rg3 37. Re4 Rxf3+ 38. Ke2 Rc7 39. Ra6 Rxc2+ 40. Kd1 Rxd3+ 41. Kxc2 Bxe4 0-1

[Event "Santiago CC Aj Talcahuano-A"]
[Site "Santiago de Chile"]
[Date "2003.08.??"]
[Round "?"]
[White "Ulloa Grez, Luis Antonio"]
[Black "Rojas Keim, Luis Alberto"]
[Result "1-0"]
[WhiteElo "2020"]
[BlackElo "2433"]
[PlyCount "77"]
[EventDate "2003.08.??"]
[EventType "tourn"]
[EventRounds "11"]
[EventCountry "CHI"]
[EventCategory "3"]
[SourceTitle "EXT 2009"]
[Source "ChessBase"]
[SourceDate "2008.11.26"]
[SourceVersion "1"]
[SourceVersionDate "2008.11.26"]
[SourceQuality "1"]

1. e4 e6 2. d4 d5 3. e5 c5 4. c3 Nc6 5. Nf3 Nge7 6. Be2 cxd4 7. cxd4 Nf5 8. g4 Nfe7 9. Nc3 a6 10. a3 b5 11. Bd3 h5 12. gxh5 Rxh5 13. Ng5 g6 14. Ne2 Nf5 15. Bxf5 exf5 16. h4 Be7 17. Ng3 Rh8 18. f4 Bxg5 19. fxg5 Qb6 20. Ne2 Be6 21. Bf4 Na5 22. Kf2 Rc8 23. Be3 Kd7 24. b3 f4 25. Nxf4 Rc3 26. Rb1 Qc6 27. Nd3 Rxd3 28. Qxd3 Bf5 29. Qd2 Bxb1 30. Rxb1 Qe6 31. Kg3 Nc6 32. Rf1 Ne7 33. Rf6 Nf5+ 34. Kf2 Qe8 35. Qc3 Rxh4 36. Qc6+ Kd8 37. Qb6+ Ke7 38. Qc5+ Kd8 39. Rxa6 1-0